000 01160nas a2200385 4500
001 BR2010003248
003 BR-BrBNA
005 20231205114127.0
007 ta
008 230509b bl.|||p| |||| 00| 00por d
040 _aBR-BrBNA
_bpor
_cBiblioteca Nacional de Agricultura
041 _a(Pt)
072 _aL51
100 1 _aPinto, A.P.
100 1 _aNascimento, W.G. do
100 1 _aAbrahão, J.J. dos S.
100 1 _aPerotto, D.
100 1 _aMoletta, J.L.
100 1 _aLugão, S.M.B.
245 1 _aDigestibilidade, consumo, desempenho e características de carcaça do tourinhos mestiços confinados com cana-de-açúcar ou silagem de sorgo
650 _aBOVINO
650 _aCONVERSÃO ALIMENTAR
650 _aMATÉRIA SECA
650 _aCARCAÇA
650 _aRENDIMENTO
650 _aGORDURA ANIMAL
650 _aVALOR NUTRITIVO
650 _aCANA DE AÇÚCAR
650 _aSILAGEM
650 _aSORGO
650 _aDIETA
773 0 _tRevista Brasileira de Zootecnia (Brazil)
_xISSN 1516-3598
_g(Nov 2009), v. 38(11) p. 2258-2263
_wBR2010003248
909 _a202311
_bLúcia
_c55
_dLúcia Elande
942 _2AGRIS
_n0
_cANA
999 _c207196
_d207196